00340 a2200109 4500001000700000020000600007040001100013100005400024240007400078245006900152362000900221171066 a  cMagnum aBanco de Desenvolvimento de Minas Gerais S.d/bdmg10aMinas gerais do seculo xxi/v.2 - reiterpretando o espaco mineirolpor10aMinas gerais do seculo xxi/v.2 - reiterpretando o espaco mineiro0 a1899